| 000 | 01688nam a22002417a 4500 | ||
|---|---|---|---|
| 999 |
_c58553 _d58553 |
||
| 003 | Ge_BSU | ||
| 005 | 20220602110941.0 | ||
| 008 | 220602s2020 ge ||||| |||| 00| 0 geo d | ||
| 020 | _a9789941468964 | ||
| 041 | _ageo | ||
| 080 | _a811.124 შ-48 | ||
| 100 |
_aშენგელია, ირაკლი _913945 |
||
| 245 |
_aხალხური ლათინური ენა = Sermo Vulgaris Latinus / _cირაკლი შენგელია; რედაქტორი: ქეთევან აბესაძე; მთარგმნელ-რედაქტორები: მანანა ფხაკაძე, თამარ ჭეიშვილი; ივანე ჯავახიშვილის სახელობის თბილისის სახელმწიფო უნივერსიტეტი. კლასიკური ფილოლოგიის, ბიზანტინისტიკისა და ნეოგრეცისტიკის ინსტიტუტი. |
||
| 264 |
_aთბილისი: _bლოგოსი, _c2020. |
||
| 300 |
_a358 გვ. _b21 სმ. |
||
| 501 | _aსიტყვატა საძიებელი გვ. 347-358 | ||
| 504 | _aბიბლ. გვ. 335-346 | ||
| 653 | _aლათინური ენა | ||
| 700 |
_aაბესაძე, ქეთევან _eრედაქტორი _93446 |
||
| 700 |
_aფხაკაძე, მანანა _eმთარგმნელ-რედაქტორი _98375 |
||
| 700 |
_aჭეიშვილი, თამარ _eმთარგმნელ-რედაქტორი _910070 |
||
| 942 |
_2udc _cBK |
||